Panda Bear Discography - Statistics

General Stats
  • This quiz has been taken 9 times
  • The average score is 5 of 10
Answer Stats
Type Year Name % Correct
EP 2015 Crosswords
60%
Album 1999 Panda Bear
60%
Album 2007 Person Pitch
60%
Collaborative Album 2000 Spirit They're Gone, Spirit They've Vanished
60%
Album 2011 Tomboy
60%
EP 2018 A Day with the Homies
40%
EP 2014 Mr Noah
40%
Album 2015 Panda Bear Meets the Grim Reaper
40%
Album 2004 Young Prayer
40%
Collaborative Album 2001 Danse Manatee
20%
No matching quizzes found
Score Distribution
Percent of People with Each Score
Percentile by Number Answered
Your Score History
You have not taken this quiz